00369nam a2200157Ia 4500008004100000020001800041041000800059082001800067100001900085245002400104250000600128260003900134300000800173365001300181700001700194140306s9999 xx 000 0 und d a9788131725726 aeng a658.5bSLA/OP aMichael, Lewis aOperations Strategy a2 aNew DelhibPearson Educationc2002 a470 bRs.399/- aNigel, Slack